000 00300nam a22001337a 4500
008 171102b xxu||||| |||| 00| 0 eng d
020 _a9780072513806
041 _aeng
080 _23RD
_a339.138
100 _a60
101 _aMAR
245 _aTHE MARKETING GAME !
_cMASON.CH,H
942 _2udc
_cBK
999 _c37345
_d37345